Les sports les plus pratiqués en France - Statistiques

Statistiques générales
  • Ce quiz a été pris 6 687 fois
  • Le résultat moyen est 10 sur 20
Statistiques - réponses
Licenciés Sport % Correct
1 962 241 Football
99%
641 194 Basketball
87%
1 039 337 Tennis
87%
518 728 Handball
77%
316 905 Natation
76%
381 118 Rugby
72%
663 194 Equitation
68%
302 869 Athlétisme
63%
559 080 Judo
60%
293 163 Gymnastique
53%
186 183 Badminton
52%
180 573 Tennis de table
48%
253 700 Karaté
46%
407 569 Golf
45%
246 444 Cyclisme
33%
298 000 Pétanque
29%
201 503 Tir
19%
290 000 Voile
12%
237 167 Randonnée
6%
139 490 Sports sous-marins
3%
Aucun quiz correspondant
Distribution des résultats
% des personnes avec chaque résultat
Percentile par nombre de réponses
Votre historique - résultats
Vous n’avez pas pris ce quiz